[Event "Santa Cruz op 8th"]
[Site "Santa Cruz"]
[Date "2024.01.11"]
[Round "2"]
[White "Suarez Antelo, Jesus"]
[Black "Monroy Carrizo, Javier"]
[Result "0-1"]
[WhiteElo "1350"]
[BlackElo "1690"]
[PlyCount "46"]
[EventDate "2024.01.11"]
[EventType "swiss"]
[EventRounds "7"]
[EventCountry "BOL"]
[SourceTitle "CB04_2024"]
[SourceDate "2023.10.16"]
[SourceVersion "1"]
[SourceVersionDate "2023.10.16"]
[SourceQuality "1"]

1. Nf3 d5 2. d4 c5 3. c3 e6 4. e3 Nf6 5. Bd3 Nc6 6. Nbd2 Bd6 7. Qe2 0-0 8. 0-0 Qe7 9. e4 dxe4 10. Nxe4 Nxe4 11. Qxe4 f5 12. Qh4 h6 13. Re1 Bd7 14. Bxh6 gxh6 15. Qxh6 Rf7 16. g3 Rh7 17. Qe3 Rg7 18. Nh4 f4 19. Qe4 fxg3 20. fxg3 cxd4 21. Re2 Rf8 22. Bc4 Nd8 23. Bb3 Rf4 0-1

[Event "Oruro Baptista Memorial"]
[Site "Oruro"]
[Date "2023.11.04"]
[Round "8"]
[White "Monroy Carrizo, Javier"]
[Black "Espinoza Coca, Laura"]
[Result "0-1"]
[WhiteElo "1774"]
[BlackElo "1400"]
[PlyCount "108"]
[EventDate "2023.11.01"]
[EventType "swiss"]
[EventRounds "9"]
[EventCountry "BOL"]
[SourceTitle "Mega2024 Update 01"]
[Source "Chessbase"]
[SourceDate "2023.11.12"]
[SourceVersion "1"]
[SourceVersionDate "2023.11.12"]
[SourceQuality "1"]

1. d4 Nf6 2. Nf3 c5 3. d5 d6 4. c4 b5 5. cxb5 a6 6. bxa6 Bxa6 7. Nc3 g6 8. g3 Bg7 9. Bg2 Nbd7 10. h3 0-0 11. 0-0 Rb8 12. Re1 Nb6 13. e4 Nc4 14. Qc2 Qa5 15. Rb1 Nd7 16. Bd2 Nxd2 17. Nxd2 Ne5 18. Bf1 c4 19. Re3 Rfc8 20. Kg2 Nd3 21. Nxc4 Bxc4 22. Bxd3 Bd4 23. Rf3 Bxc3 24. bxc3 Rxb1 25. Qxb1 Bxa2 26. Qb4 Qc7 27. Bb5 f5 28. c4 fxe4 29. Ra3 Bxc4 30. Rc3 Bf1+ 31. Bxf1 Qxc3 32. Qxe4 Qf6 33. f4 Kg7 34. g4 h6 35. Be2 Rc3 36. Bf3 Rc1 37. Kg3 Rc3 38. h4 Rc7 39. g5 Qa1 40. Kh2 Qc3 41. Kg3 Qc1 42. Qd4+ Kh7 43. gxh6 Qe1+ 44. Kh3 Qc3 45. Qe4 Qc4 46. Qe3 Qc3 47. Qf2 Qd3 48. Kg3 Rc3 49. Qg2 Qxd5 50. Qe2 e6 51. Kg2 Qb3 52. Qe4 Rxf3 53. Qxf3 Qxf3+ 54. Kxf3 Kxh6 0-1

[Event "Cochabamba Hurtado Memorial"]
[Site "Cochabamba"]
[Date "2023.08.06"]
[Round "6"]
[White "Espinoza Coca, Laura"]
[Black "Monroy Carrizo, Javier"]
[Result "0-1"]
[WhiteElo "1455"]
[BlackElo "1803"]
[PlyCount "66"]
[EventDate "2023.08.04"]
[EventType "swiss"]
[EventRounds "7"]
[EventCountry "BOL"]
[SourceTitle "CBM 215 Extra"]
[Source "ChessBase"]
[SourceDate "2023.09.30"]
[SourceVersion "1"]
[SourceVersionDate "2023.09.30"]
[SourceQuality "1"]

1. e4 c5 2. Nf3 Nc6 3. d4 cxd4 4. Nxd4 g6 5. c4 Bg7 6. Be3 Nf6 7. Nc3 Ng4 8. Nxc6 dxc6 9. Qxd8+ Kxd8 10. 0-0-0+ Ke8 11. Be2 Nxe3 12. fxe3 Be6 13. Bd3 Rd8 14. Ne2 Bg4 15. h3 Rxd3 16. hxg4 Rxe3 17. Rd2 Rxe4 18. Kb1 Rxg4 19. Rhd1 f5 20. g3 Rxc4 21. Nf4 Kf7 22. b3 Rb4 23. Rd7 h5 24. R1d6 Bf6 25. Nd3 Rb5 26. Kc2 h4 27. gxh4 Rxh4 28. b4 a5 29. a4 Rbxb4 30. Rc7 Rh2+ 31. Kc1 Bg5+ 32. Kd1 Rb1+ 33. Nc1 Rxc1# 0-1

[Event "La Paz Casa Argentina op"]
[Site "La Paz"]
[Date "2023.07.07"]
[Round "3"]
[White "Morales Estrada, Jhoel Henry"]
[Black "Monroy Carrizo, Javier"]
[Result "1/2-1/2"]
[WhiteElo "1569"]
[BlackElo "1794"]
[PlyCount "77"]
[EventDate "2023.07.06"]
[EventType "swiss"]
[EventRounds "7"]
[EventCountry "BOL"]
[SourceTitle "CBM 215 Extra"]
[Source "ChessBase"]
[SourceDate "2023.09.30"]
[SourceVersion "1"]
[SourceVersionDate "2023.09.30"]
[SourceQuality "1"]

1. d4 Nf6 2. c4 c5 3. d5 g6 4. Nc3 Bg7 5. Nf3 d6 6. e4 0-0 7. Be2 e5 8. dxe6 fxe6 9. e5 dxe5 10. Qxd8 Rxd8 11. Nxe5 Nd5 12. cxd5 Bxe5 13. dxe6 Bxe6 14. Bg5 Re8 15. 0-0 Nc6 16. Rfe1 Nd4 17. Bb5 Nxb5 18. Rxe5 Nxc3 19. bxc3 b6 20. Rae1 Bf7 21. Rxe8+ Rxe8 22. Rxe8+ Bxe8 23. Bf4 b5 24. Be3 Kf7 25. Bxc5 a6 26. Kf1 Ke6 27. a3 Kd5 28. Bb4 Kc4 29. Ke2 Kb3 30. Kd3 Ka4 31. Kd4 a5 32. Bf8 Kb3 33. Bc5 Bc6 34. g3 Kc2 35. Bb6 a4 36. Kc5 Bd7 37. c4 bxc4 38. Kxc4 Kd2 39. Kd5 1/2-1/2

[Event "Pan American-ch Seniors 50"]
[Site "Lima"]
[Date "2023.04.28"]
[Round "4"]
[White "Serafim Junior, Arnor"]
[Black "Monroy Carrizo, Javier"]
[Result "1-0"]
[WhiteElo "1672"]
[BlackElo "1848"]
[PlyCount "133"]
[EventDate "2023.04.26"]
[EventType "swiss"]
[EventRounds "9"]
[EventCountry "PER"]
[SourceTitle "CBM 214 Extra"]
[Source "ChessBase"]
[SourceDate "2023.07.31"]
[SourceVersion "1"]
[SourceVersionDate "2023.07.31"]
[SourceQuality "1"]

1. c4 c5 2. Nc3 Nc6 3. g3 g6 4. Bg2 Bg7 5. Nf3 Nf6 6. 0-0 0-0 7. d4 cxd4 8. Nxd4 Nxd4 9. Qxd4 d6 10. Qd3 Nd7 11. b3 Qa5 12. Bb2 Qh5 13. Qc2 Ne5 14. Nd5 Nc6 15. Bxg7 Kxg7 16. Rfe1 e5 17. e3 Bg4 18. Qc3 g5 19. b4 Bf3 20. b5 Nd8 21. Qb4 Bxg2 22. Kxg2 g4 23. Qxd6 Ne6 24. Qe7 Qf5 25. e4 Qg6 26. Nc7 Nxc7 27. Qxe5+ Qf6 28. Qxc7 Rac8 29. Qxb7 Qf3+ 30. Kg1 Qa3 31. Qd5 f6 32. e5 f5 33. e6 Rce8 34. Re3 Qe7 35. Qd7 Kf6 36. Qxe7+ Rxe7 37. Rae1 Rc8 38. Rc1 Rc5 39. Kf1 Rxe6 40. Rxe6+ Kxe6 41. Ke2 Kd6 42. Kd3 Re5 43. Kc3 Kc5 44. Rd1 Re2 45. Rd5+ Kb6 46. Rxf5 Rxa2 47. Rf6+ Kb7 48. Kb4 Re2 49. Rf7+ Kb8 50. c5 Re4+ 51. Ka5 Rc4 52. Rf8+ Kc7 53. b6+ axb6+ 54. cxb6+ Kb7 55. Rf7+ Kb8 56. Rxh7 Rc2 57. Rf7 Rb2 58. Rf4 Kb7 59. Ra4 Re2 60. Kb5 Rc2 61. Rxg4 Rb2+ 62. Kc5 Rc2+ 63. Kd4 Rxf2 64. h4 Kxb6 65. h5 Ra2 66. Rh4 Kc7 67. Ke5 1-0

[Event "BOL-ch Seniors"]
[Site "Santa Cruz"]
[Date "2023.03.26"]
[Round "6"]
[White "Suarez Antelo, Jesus"]
[Black "Monroy Carrizo, Javier"]
[Result "0-1"]
[WhiteElo "1375"]
[BlackElo "1810"]
[PlyCount "58"]
[EventDate "2023.03.24"]
[EventType "swiss"]
[EventRounds "7"]
[EventCountry "BOL"]
[SourceTitle "CBM 213 Extra"]
[Source "ChessBase"]
[SourceDate "2023.05.31"]
[SourceVersion "1"]
[SourceVersionDate "2023.05.31"]
[SourceQuality "1"]

1. d4 c5 2. c4 cxd4 3. Qxd4 Nc6 4. Qd1 g6 5. Bd2 Bg7 6. Bc3 Nf6 7. f3 0-0 8. Qc2 e6 9. Nd2 d5 10. e3 e5 11. 0-0-0 d4 12. exd4 exd4 13. Nb3 Bf5 14. Bd3 dxc3 15. Bxf5 cxb2+ 16. Kb1 Qb6 17. c5 Qb4 18. Bd3 Nd5 19. Ne2 Qa3 20. Ned4 Nxd4 21. Qxb2 Qa4 22. Rc1 Nxb3 23. Qxb3 Qd4 24. Rhe1 Rac8 25. Bc4 Rxc5 26. Red1 Nc3+ 27. Rxc3 Qxc3 28. Qxc3 Bxc3 29. Bb3 b5 0-1

[Event "BOL-ch Seniors"]
[Site "Santa Cruz"]
[Date "2023.03.25"]
[Round "5"]
[White "Monroy Carrizo, Javier"]
[Black "Ferrufino, Boris"]
[Result "1-0"]
[WhiteElo "1810"]
[BlackElo "1902"]
[PlyCount "59"]
[EventDate "2023.03.24"]
[EventType "swiss"]
[EventRounds "7"]
[EventCountry "BOL"]
[SourceTitle "CBM 213 Extra"]
[Source "ChessBase"]
[SourceDate "2023.05.31"]
[SourceVersion "1"]
[SourceVersionDate "2023.05.31"]
[SourceQuality "1"]

1. d4 Nf6 2. Nf3 g6 3. g3 Bg7 4. Bg2 0-0 5. d5 d6 6. 0-0 c5 7. c4 b5 8. cxb5 a6 9. b6 Nbd7 10. Nc3 Qxb6 11. h3 a5 12. e4 Ne8 13. Re1 a4 14. Nxa4 Qa5 15. Nc3 Nc7 16. Qc2 Ba6 17. Bd2 Nb5 18. Nxb5 Qxb5 19. Bc3 Rfb8 20. b3 Qd3 21. Qxd3 Bxd3 22. Bxg7 Kxg7 23. e5 dxe5 24. Nxe5 Nxe5 25. Rxe5 Kf6 26. Re3 Bf5 27. g4 Bc8 28. d6 Ra7 29. dxe7 Rxe7 30. g5+ 1-0

[Event "Santa Cruz Dario Cup"]
[Site "Santa Cruz"]
[Date "2022.08.28"]
[Round "7"]
[White "Monroy Garzon, Nataly Alejandra"]
[Black "Monroy Carrizo, Javier"]
[Result "1/2-1/2"]
[WhiteElo "1893"]
[BlackElo "1844"]
[PlyCount "37"]
[EventDate "2022.08.26"]
[EventType "swiss"]
[EventRounds "7"]
[EventCountry "BOL"]
[SourceTitle "CBM 210 Extra"]
[Source "ChessBase"]
[SourceDate "2022.11.30"]
[SourceVersion "1"]
[SourceVersionDate "2022.11.30"]
[SourceQuality "1"]

1. d4 c5 2. d5 g6 3. c4 Bg7 4. e4 d6 5. h3 Nf6 6. Nc3 0-0 7. Nf3 e6 8. dxe6 fxe6 9. Bg5 Nc6 10. Qd2 e5 11. Bd3 Be6 12. 0-0 Nd4 13. Nxd4 cxd4 14. Ne2 Qd7 15. f4 Nh5 16. b3 h6 17. f5 hxg5 18. fxe6 Qxe6 19. Qxg5 1/2-1/2

[Event "Cochabamba"]
[Site "Cochabamba"]
[Date "2018.12.09"]
[Round "6"]
[White "Cueto Chajtur, Johny"]
[Black "Monroy Carrizo, Javier"]
[Result "1-0"]
[WhiteElo "2262"]
[BlackElo "1918"]
[PlyCount "47"]
[EventDate "2018.12.07"]
[EventType "tourn"]
[EventRounds "7"]
[EventCountry "BOL"]
[SourceTitle "CBM 190 Extra"]
[Source "ChessBase"]
[SourceDate "2019.07.15"]
[SourceVersion "1"]
[SourceVersionDate "2019.07.15"]
[SourceQuality "1"]

1. d4 g6 2. e4 Bg7 3. Nc3 c5 4. dxc5 Qa5 5. Bd2 Qxc5 6. Nd5 a5 7. Nf3 Na6 8. Be3 Qc6 9. Nd4 Bxd4 10. Bxd4 f6 11. a4 Nb4 12. Nc3 e5 13. Be3 Ne7 14. Bb5 Qc7 15. Bh6 Rg8 16. Be3 b6 17. 0-0 Ba6 18. Bxa6 Rxa6 19. Nb5 Qb8 20. f4 Nc8 21. fxe5 Qxe5 22. Bd4 Qg5 23. c3 Nc6 24. Nc7+ 1-0

[Event "Cochabamba"]
[Site "Cochabamba"]
[Date "2018.12.08"]
[Round "3"]
[White "Monroy Carrizo, Javier"]
[Black "Ferrufino, Boris"]
[Result "0-1"]
[WhiteElo "1918"]
[BlackElo "2072"]
[PlyCount "96"]
[EventDate "2018.12.07"]
[EventType "tourn"]
[EventRounds "7"]
[EventCountry "BOL"]
[SourceTitle "CBM 190 Extra"]
[Source "ChessBase"]
[SourceDate "2019.07.15"]
[SourceVersion "1"]
[SourceVersionDate "2019.07.15"]
[SourceQuality "1"]

1. d4 Nf6 2. g3 g6 3. Bg2 Bg7 4. Nf3 0-0 5. 0-0 d6 6. c4 c5 7. d5 b5 8. cxb5 a6 9. bxa6 Bxa6 10. Nc3 Nbd7 11. h3 Qa5 12. Re1 Rfb8 13. Qc2 Ne8 14. Bd2 Nc7 15. e4 Nb5 16. Nxb5 Qxb5 17. Bc3 Bxc3 18. bxc3 Qb2 19. Qxb2 Rxb2 20. e5 Bb5 21. e6 fxe6 22. dxe6 Nf6 23. Nd4 Ra3 24. Nxb5 Rxb5 25. Re3 Rb2 26. g4 g5 27. Rf3 Kg7 28. c4 Raxa2 29. Rxa2 Rxa2 30. Rf5 h6 31. Bc6 Re2 32. Bd7 Re4 33. Bb5 Rxe6 34. f4 Kg6 35. Rxg5+ hxg5 36. f5+ Kf7 37. fxe6+ Kxe6 38. Kg2 Ke5 39. Kf3 Kd4 40. h4 gxh4 41. g5 Ne4 42. g6 Nf6 43. Kf4 h3 44. Kg3 Ke5 45. g7 Nh5+ 46. Kxh3 Nxg7 47. Kg3 Nf5+ 48. Kf2 Kd4 0-1

[Event "Santa Cruz-ch"]
[Site "Santa Cruz"]
[Date "2014.10.03"]
[Round "5"]
[White "Monroy Carrizo, Javier"]
[Black "Vidaurre, Luis"]
[Result "0-1"]
[WhiteElo "1963"]
[BlackElo "1878"]
[PlyCount "96"]
[EventDate "2014.09.29"]
[EventType "tourn"]
[EventRounds "9"]
[EventCountry "BOL"]
[SourceTitle "EXT 2015"]
[Source "ChessBase"]
[SourceDate "2014.11.20"]
[SourceVersion "1"]
[SourceVersionDate "2014.11.20"]
[SourceQuality "1"]

1. d4 d5 2. g3 Nf6 3. Bg2 Bf5 4. c4 e6 5. Nc3 c6 6. cxd5 exd5 7. f3 Nbd7 8. e4 dxe4 9. fxe4 Bg6 10. e5 Nd5 11. Nxd5 cxd5 12. Qb3 Nb6 13. a4 Be4 14. Nf3 Be7 15. a5 Nc4 16. Qxb7 0-0 17. 0-0 Bd3 18. Rf2 Nxa5 19. Rxa5 Qxa5 20. Qxe7 Qa1 21. Qg5 Rac8 22. Rd2 Rxc1+ 23. Kf2 Be4 24. Bh3 Rd1 25. Re2 Bxf3 26. Kxf3 Rxd4 27. Kg2 Qd1 28. Rf2 Qe1 29. Bf5 h6 30. Qe7 Rd2 31. Rxd2 Qxd2+ 32. Kh3 g6 33. Bg4 Qg5 34. Qd6 h5 35. Bd7 Kg7 36. Qxd5 Rd8 37. Qd6 a5 38. Kg2 h4 39. g4 Qf4 40. h3 Qg3+ 41. Kf1 Qxh3+ 42. Ke2 Qg2+ 43. Ke3 Qg3+ 44. Ke4 Qe1+ 45. Kf3 Qf1+ 46. Ke4 Qe2+ 47. Kf4 Qf2+ 48. Ke4 h3 0-1

[Event "Olympiad-41"]
[Site "Tromsoe"]
[Date "2014.08.12"]
[Round "10.4"]
[White "Monroy Carrizo, Javier"]
[Black "Gonzales, Jayson"]
[Result "0-1"]
[WhiteElo "2150"]
[BlackElo "2405"]
[PlyCount "86"]
[EventDate "2014.08.02"]
[EventType "team-swiss"]
[EventRounds "11"]
[EventCountry "NOR"]
[SourceTitle "CBM 162"]
[Source "ChessBase"]
[SourceDate "2014.09.17"]
[SourceVersion "1"]
[SourceVersionDate "2014.09.17"]
[SourceQuality "1"]
[WhiteTeam "Bolivia"]
[BlackTeam "Philippines"]
[WhiteTeamCountry "BOL"]
[BlackTeamCountry "PHI"]

1. Nf3 d5 2. d4 c6 3. g3 Nf6 4. Bg2 g6 5. 0-0 Bg7 6. h3 0-0 7. b3 Ne4 8. Bb2 a5 9. c4 a4 10. Na3 Be6 11. Ne5 Nd7 12. Nd3 Ndf6 13. c5 Qc8 14. g4 h5 15. f3 Ng5 16. h4 Ngh7 17. g5 Ne8 18. Nf4 Nc7 19. bxa4 Rd8 20. Qb3 Bf5 21. e4 Be6 22. Rad1 Nf8 23. e5 Bf5 24. Rde1 f6 25. gxf6 exf6 26. Nc2 fxe5 27. dxe5 Nce6 28. Nxe6 Nxe6 29. Ba3 d4 30. Bb2 Kh7 31. Qc4 d3 32. Ne3 d2 33. Rd1 Bd3 34. Qb4 Bf8 35. Rf2 Bxc5 36. Qxd2 Bf5 37. Qe1 Bxe3 38. Rd6 Bxf2+ 39. Kxf2 Qc7 40. Qd2 Qa5 41. Rd7+ Kg8 42. Qd1 Qb6+ 43. Kg3 Qxb2 0-1

[Event "Olympiad-41"]
[Site "Tromsoe"]
[Date "2014.08.03"]
[Round "2.4"]
[White "El Debs, Felipe de Cresce"]
[Black "Monroy Carrizo, Javier"]
[Result "1-0"]
[WhiteElo "2522"]
[BlackElo "2150"]
[PlyCount "119"]
[EventDate "2014.08.02"]
[EventType "team-swiss"]
[EventRounds "11"]
[EventCountry "NOR"]
[SourceTitle "CBM 162"]
[Source "ChessBase"]
[SourceDate "2014.09.17"]
[SourceVersion "1"]
[SourceVersionDate "2014.09.17"]
[SourceQuality "1"]
[WhiteTeam "Brazil"]
[BlackTeam "Bolivia"]
[WhiteTeamCountry "BRA"]
[BlackTeamCountry "BOL"]

1. d4 Nf6 2. c4 c5 3. d5 b5 4. cxb5 a6 5. bxa6 Bxa6 6. Nc3 g6 7. e4 Bxf1 8. Kxf1 d6 9. g3 Bg7 10. Kg2 0-0 11. Nf3 Nbd7 12. a4 Qa5 13. Bd2 Qb4 14. Qe2 Rfb8 15. Rhb1 h6 16. b3 g5 17. h3 Kf8 18. Ra2 Rb7 19. Ne1 Ne5 20. Nc2 Qb6 21. Ne3 Qa6 22. Qxa6 Rxa6 23. f3 e6 24. Rc2 Nd3 25. dxe6 fxe6 26. Nb5 Nd7 27. Bc3 Bxc3 28. Rxc3 Nb4 29. Rd1 Ke7 30. Nc4 d5 31. exd5 exd5 32. Re3+ Kf6 33. Ncd6 Rbb6 34. Ne8+ Kf7 35. Nec7 d4 36. Nxa6 Rxa6 37. Re4 Nf6 38. Re5 Nfd5 39. Rc1 Nd3 40. Rxc5 Nxc5 41. Rxd5 Nxb3 42. Nxd4 Nd2 43. Nf5 Nc4 44. Rc5 Nb2 45. a5 Re6 46. Rc7+ Kf8 47. Nd4 Rd6 48. Nb3 Re6 49. Rc2 Nd3 50. Rd2 Re3 51. a6 Ne1+ 52. Kf2 Rxb3 53. a7 Ra3 54. Rd8+ Ke7 55. a8Q Rxa8 56. Rxa8 Nd3+ 57. Ke3 Ne5 58. Ke4 Ng6 59. Kf5 Kf7 60. Ra7+ 1-0

[Event "BOL-ch"]
[Site "Santa Cruz de la Sierra"]
[Date "2014.05.10"]
[Round "8"]
[White "Monroy Carrizo, Javier"]
[Black "Gemy Vargas, Jose Daniel"]
[Result "0-1"]
[WhiteElo "2104"]
[BlackElo "2339"]
[PlyCount "120"]
[EventDate "2014.05.07"]
[EventType "swiss"]
[EventRounds "9"]
[EventCountry "BOL"]
[SourceTitle "CBM 160 Extra"]
[Source "ChessBase"]
[SourceDate "2014.07.01"]
[SourceVersion "1"]
[SourceVersionDate "2014.07.01"]
[SourceQuality "1"]

1. Nf3 d5 2. d4 Nf6 3. g3 g6 4. Bg2 Bg7 5. 0-0 0-0 6. c4 e6 7. b3 c6 8. Bb2 a5 9. Qc2 b5 10. Nbd2 Ba6 11. Rfd1 bxc4 12. bxc4 Nbd7 13. Rac1 Rc8 14. e4 Nxe4 15. Nxe4 dxe4 16. Qxe4 c5 17. Ba3 Re8 18. dxc5 Qc7 19. c6 Nf6 20. Qe1 Qxc6 21. Rd6 Qa8 22. Ne5 Bb7 23. Bxb7 Qxb7 24. c5 Qe4 25. Nd7 Qa4 26. Nxf6+ Bxf6 27. Qe3 h5 28. Qb3 Qe4 29. Qc4 Qf3 30. Qd3 Qxd3 31. Rxd3 Red8 32. Rxd8+ Bxd8 33. Kf1 Kf8 34. Ke2 Ke8 35. Kd3 Kd7 36. Kc4 Kc6 37. Rd1 Bc7 38. Bb2 Rb8 39. Bc3 Rb5 40. Bd4 Be5 41. Be3 Rb4+ 42. Kd3 Rb2 43. Rd2 Rxd2+ 44. Bxd2 Kb5 45. f4 Bc7 46. Kd4 a4 47. a3 Bd8 48. Bb4 Bf6+ 49. Kd3 Bg7 50. Ke4 f5+ 51. Kd3 e5 52. Ke3 e4 53. h3 Bf6 54. g4 hxg4 55. hxg4 Bb2 56. g5 Ba1 57. Kd2 Bd4 58. Ke2 Bxc5 59. Bxc5 Kxc5 60. Ke3 Kd5 0-1

[Event "BOL-ch"]
[Site "Santa Cruz de la Sierra"]
[Date "2014.05.09"]
[Round "6"]
[White "Zambrana, Oswaldo"]
[Black "Monroy Carrizo, Javier"]
[Result "1/2-1/2"]
[WhiteElo "2470"]
[BlackElo "2104"]
[PlyCount "48"]
[EventDate "2014.05.07"]
[EventType "swiss"]
[EventRounds "9"]
[EventCountry "BOL"]
[SourceTitle "CBM 160 Extra"]
[Source "ChessBase"]
[SourceDate "2014.07.01"]
[SourceVersion "1"]
[SourceVersionDate "2014.07.01"]
[SourceQuality "1"]

1. e4 c5 2. Nf3 Nc6 3. d4 cxd4 4. Nxd4 g6 5. Nc3 Bg7 6. Be3 Nf6 7. Bc4 Qa5 8. 0-0 0-0 9. Re1 d6 10. h3 Bd7 11. Nb3 Qc7 12. Bg5 Be6 13. Bf1 a6 14. Qd2 Rfc8 15. Rad1 Ne5 16. Nd4 Bc4 17. Nde2 b5 18. a3 a5 19. Nf4 b4 20. axb4 axb4 21. Ncd5 Bxd5 22. Nxd5 Nxd5 23. exd5 Qxc2 24. Qxb4 Rcb8 1/2-1/2

[Event "South America-ch U20"]
[Site "Santa Cruz"]
[Date "2014.04.30"]
[Round "9"]
[White "Monroy Carrizo, Javier"]
[Black "Kimelman, Gabriel"]
[Result "1-0"]
[WhiteElo "2104"]
[BlackElo "2000"]
[PlyCount "103"]
[EventDate "2014.04.24"]
[EventType "swiss"]
[EventRounds "9"]
[EventCountry "BOL"]
[SourceTitle "CBM 160 Extra"]
[Source "ChessBase"]
[SourceDate "2014.07.01"]
[SourceVersion "1"]
[SourceVersionDate "2014.07.01"]
[SourceQuality "1"]

1. Nf3 Nf6 2. g3 g6 3. d4 Bg7 4. Bg2 0-0 5. 0-0 d6 6. c4 Nc6 7. Nc3 Bg4 8. Bf4 Nd7 9. d5 Bxf3 10. Bxf3 Nce5 11. Bxe5 Nxe5 12. Qb3 Nxf3+ 13. exf3 Rb8 14. Ne4 c5 15. Rfe1 Qd7 16. a4 b6 17. Qb5 Qb7 18. Nc3 Rfe8 19. Re2 Bxc3 20. bxc3 a6 21. Qb3 b5 22. axb5 axb5 23. Rb2 b4 24. cxb4 Qxb4 25. Qxb4 Rxb4 26. Rxb4 cxb4 27. Rb1 Rb8 28. Rb3 e6 29. dxe6 fxe6 30. Kf1 d5 31. cxd5 exd5 32. Ke2 Kf7 33. Kd3 Ke6 34. f4 Kd6 35. Kd4 Kc6 36. Rb1 Kb5 37. Kxd5 Ka4 38. g4 Ka3 39. f5 gxf5 40. gxf5 b3 41. f6 b2 42. f7 Ka2 43. Re1 b1Q 44. Rxb1 Kxb1 45. Ke6 Kc2 46. Ke7 Kd3 47. f8Q Rxf8 48. Kxf8 Ke4 49. Kg7 Kf5 50. Kxh7 Kf6 51. h4 Kf7 52. h5 1-0

[Event "South America-ch U20"]
[Site "Santa Cruz"]
[Date "2014.04.27"]
[Round "5"]
[White "Henriquez Villagra, Cristobal"]
[Black "Monroy Carrizo, Javier"]
[Result "1-0"]
[WhiteElo "2459"]
[BlackElo "2104"]
[PlyCount "120"]
[EventDate "2014.04.24"]
[EventType "swiss"]
[EventRounds "9"]
[EventCountry "BOL"]
[SourceTitle "CBM 160 Extra"]
[Source "ChessBase"]
[SourceDate "2014.07.01"]
[SourceVersion "1"]
[SourceVersionDate "2014.07.01"]
[SourceQuality "1"]

1. d4 c5 2. d5 Nf6 3. c4 b5 4. cxb5 a6 5. bxa6 Bxa6 6. Nc3 d6 7. e4 Bxf1 8. Kxf1 g6 9. g3 Bg7 10. Nf3 Nbd7 11. Kg2 0-0 12. Qe2 Ng4 13. Bd2 e6 14. Ng5 Ndf6 15. dxe6 Qe7 16. Nd5 Qb7 17. exf7+ Kh8 18. Bc3 h6 19. Ne6 Rxf7 20. f3 Nxd5 21. Bxg7+ Rxg7 22. exd5 Re8 23. Qd2 Rge7 24. Rhe1 Kh7 25. Rad1 Ne5 26. Re4 Ra8 27. Qxh6+ Kg8 28. Rh4 Rh7 29. Qxh7+ Qxh7 30. Rxh7 Kxh7 31. Ra1 Nc4 32. a4 Nxb2 33. a5 Nc4 34. a6 Ne3+ 35. Kf2 Nxd5 36. Rd1 Nb4 37. Rxd6 Rxa6 38. Rxa6 Nxa6 39. Ke3 Kg8 40. Kd3 Kf7 41. Ng5+ Kf6 42. Ne4+ Ke5 43. Kc4 Nb4 44. Nxc5 Nc2 45. Kd3 Nb4+ 46. Ke2 Nc2 47. Nd3+ Kf5 48. Kf2 Nd4 49. h3 Nc2 50. h4 Kf6 51. g4 Kg7 52. Ke2 Kf6 53. Kd2 Nd4 54. Ke3 Nb5 55. Ke4 Nc3+ 56. Ke3 Nb5 57. Nc5 Nc3 58. Ne4+ Nxe4 59. Kxe4 Ke6 60. f4 Kf6 1-0

[Event "South America-ch U20"]
[Site "Santa Cruz"]
[Date "2014.04.24"]
[Round "1"]
[White "Herrera, Jhon"]
[Black "Monroy Carrizo, Javier"]
[Result "0-1"]
[WhiteElo "1704"]
[BlackElo "2104"]
[PlyCount "84"]
[EventDate "2014.04.24"]
[EventType "swiss"]
[EventRounds "9"]
[EventCountry "BOL"]
[SourceTitle "CBM 160 Extra"]
[Source "ChessBase"]
[SourceDate "2014.07.01"]
[SourceVersion "1"]
[SourceVersionDate "2014.07.01"]
[SourceQuality "1"]

1. d4 Nf6 2. Nf3 c5 3. c4 g6 4. Nc3 cxd4 5. Nxd4 Nc6 6. e4 d6 7. Be2 Bg7 8. Be3 Bd7 9. Qd2 0-0 10. h4 h5 11. Rc1 Rc8 12. f3 Ne5 13. Nd1 Re8 14. Nf2 a6 15. b3 e6 16. 0-0 Nh7 17. g3 f5 18. Bh6 Bh8 19. Kg2 Nf7 20. Be3 f4 21. gxf4 Qxh4 22. Rh1 Qf6 23. Rcd1 e5 24. Nc2 Nf8 25. Nb4 Bc6 26. Nfd3 Ne6 27. Nc2 Rcd8 28. Rdg1 exf4 29. Nxf4 Nxf4+ 30. Bxf4 Bg7 31. Be3 h4 32. Nb4 g5 33. Nd5 Bxd5 34. cxd5 Rc8 35. Rd1 g4 36. Bd4 Qg6 37. Bxg7 gxf3+ 38. Kf2 Qg3+ 39. Ke3 fxe2+ 40. Kxe2 Rxe4+ 41. Kf1 Rf4+ 42. Qxf4 Qxf4+ 0-1

[Event "American Continental 09th"]
[Site "Cochabamba"]
[Date "2013.05.12"]
[Round "7"]
[White "Vidaurre, Luis"]
[Black "Monroy Carrizo, Javier"]
[Result "0-1"]
[WhiteElo "1836"]
[BlackElo "2053"]
[PlyCount "60"]
[EventDate "2013.05.07"]
[EventType "swiss"]
[EventRounds "11"]
[EventCountry "BOL"]
[SourceTitle "CBM 154 Extra"]
[Source "ChessBase"]
[SourceDate "2013.06.25"]
[SourceVersion "2"]
[SourceVersionDate "2013.06.25"]
[SourceQuality "1"]

1. d4 Nf6 2. g3 g6 3. Bg2 Bg7 4. e4 d6 5. f4 0-0 6. h3 e6 7. Be3 d5 8. e5 Ne4 9. Bxe4 dxe4 10. Nd2 b6 11. Ne2 Bb7 12. Nc3 f5 13. exf6 Qxf6 14. Ndxe4 Qf5 15. g4 Qa5 16. 0-0 Nc6 17. Ng5 Nxd4 18. Bxd4 Rad8 19. Nxe6 Bxd4+ 20. Kh2 Bg1+ 21. Rxg1 Rxd1 22. Raxd1 Re8 23. Nxc7 Qc5 24. N7d5 Bxd5 25. Rxd5 Qf2+ 26. Kh1 Qf3+ 27. Kh2 Re3 28. Rg2 Qxh3+ 29. Kg1 Re1+ 30. Kf2 Qe3# 0-1

[Event "American Continental 09th"]
[Site "Cochabamba"]
[Date "2013.05.10"]
[Round "5"]
[White "Cornejo Perales, Guillermo"]
[Black "Monroy Carrizo, Javier"]
[Result "1-0"]
[WhiteElo "2222"]
[BlackElo "2053"]
[PlyCount "59"]
[EventDate "2013.05.07"]
[EventType "swiss"]
[EventRounds "11"]
[EventCountry "BOL"]
[SourceTitle "CBM 154 Extra"]
[Source "ChessBase"]
[SourceDate "2013.06.25"]
[SourceVersion "2"]
[SourceVersionDate "2013.06.25"]
[SourceQuality "1"]

1. e4 g6 2. d4 Bg7 3. Nf3 b6 4. c4 Bb7 5. Nc3 d6 6. Be2 Nd7 7. 0-0 e6 8. Bg5 f6 9. Be3 Ne7 10. Qb3 0-0 11. c5 d5 12. Rac1 c6 13. Rfe1 h6 14. Bf4 Kh7 15. exd5 cxd5 16. Bd6 Re8 17. Nb5 bxc5 18. Nc7 Bc6 19. Nxe8 Qxe8 20. dxc5 Nf5 21. Bd3 Nxd6 22. cxd6 Nb6 23. Bxg6+ Qxg6 24. Rxc6 e5 25. Rc7 Rd8 26. Nh4 Qg5 27. Qg3 Kg8 28. Nf5 Rd7 29. Qxg5 hxg5 30. Rec1 1-0